| 000 | 00388 a2200145 4500 | ||
|---|---|---|---|
| 999 |
_c12373 _d12373 |
||
| 003 | OSt | ||
| 005 | 20240117114956.0 | ||
| 008 | 240117b ||||| |||| 00| 0 eng d | ||
| 020 | _a9788494933059 | ||
| 082 | _a720.92 | ||
| 100 | _a Rémi Papillault | ||
| 245 | _aChandigarh and Le Corbusier: The creation of a city in India 1950-1965 | ||
| 260 |
_bAltrim Publishers _c2022 |
||
| 942 | _2ddc | ||